Higiene y seguridad industrial. (Record no. 80408)

MARC details
000 -LEADER
campo de control de longitud fija 00500nam a2200181 i 4500
001 - NÚMERO DE CONTROL
campo de control 80408
003 - IDENTIFICADOR DE NÚMERO DE CONTROL
campo de control ES-MaACL
005 - FECHA Y HORA DE LA ÚLTIMA TRANSACCIÓN
campo de control 20230906174217.0
007 - CAMPO FIJO DE DESCRIPCIÓN FÍSICA--INFORMACIÓN GENERAL
campo de control de longitud fija t|
008 - DATOS DE LONGITUD FIJA--INFORMACIÓN GENERAL
campo de control de longitud fija 041028s1959 sp ||||1| spa d
245 00 - MENCIÓN DEL TÍTULO
Título Higiene y seguridad industrial.
260 ## - PUBLICACIÓN, DISTRIBUCIÓN, ETC.
Lugar de publicación, distribución, etc. [S.l. :
Nombre del editor, distribuidor, etc. s.n.,
Fecha de publicación, distribución, etc. 1959] (
Lugar de fabricación/manufactura Vitoria :
Fabricante Tall. Jesús Obrero)
300 ## - DESCRIPCIÓN FÍSICA
Extensión 108 p. :
Otras características físicas il. ;
Dimensiones 21 cm.
490 1# - MENCIÓN DE SERIE
Mención de serie Jesús Obrero
830 0# - PUNTO DE ACCESO ADICIONAL DE SERIE-TÍTULO UNIFORME
Título uniforme Jesús Obrero
9 (RLIN) 183662
852 ## - LOCALIZACIÓN
Ubicación ES-MaACL
Número de control de estantería C-19075
Sublocalización o colección R.45478
Holdings
Estatus retirado Estado de pérdida Estado de daño No para préstamo Biblioteca de origen Biblioteca actual Ubicación en estantería Fecha de adquisición Fuente de adquisición Total de préstamos Signatura topográfica completa Código de barras Visto por última vez Precio de reemplazo Tipo de ítem Koha
        Biblioteca del Ateneo de Madrid Biblioteca del Ateneo de Madrid Galería 17/01/2008     C-19075 1084069 23/02/2023 23/02/2023 Libro impreso